| 000 | | | 04990cbc2a2200313#x 450 |
| 001 | | | e8fe2d6e-069f-4d3b-9da4-6ae6fface7e3 |
| 005 | | | 20230619112233.0 |
| 100 | ## | $a | 20141125l19101910k y0rusy50 ca |
| 101 | 0# | $a | rus |
| 102 | ## | $a | RU |
| 105 | ## | $a | y z ||||| |
| 122 | 0# | $a | d19100313## |
| 200 | 1# | $a | Обвинительный акт по делу Воронкова Д. И., Галкина А. Д., Кольцова М. К., Грузиновой Е. Д. и других обвиняемых в принадлежности к Бердянской группе партии социалистов-революционеров и хранении нелегальной литературы |
| | $j | 13 марта 1910 |
| 215 | ## | $a | 18 листов |
| 251 | ## | $c | Дело |
| 300 | ## | $a | Документы рукописные |
| 325 | ## | $a | Замикрофильмировано |
| 330 | ## | $a | 1. Материалы, относящиеся к служебной и общественной деятельности Керенского А. Ф.: 1) Материалы о службе присяжным поверенным; 2) Следственные дела, по которым Керенский А. Ф. выступал защитником |
| 461 | #0 | $1 | 001ecccd8d2-6399-41db-879a-7648fe4e6cd6 |
| | $1 | 2001 |
| | $a | КЕРЕНСКИЙ АЛЕКСАНДР ФЕДОРОВИЧ, ПОЛИТИЧЕСКИЙ ДЕЯТЕЛЬ, ЧЛЕН ПАРТИИ СОЦИАЛИСТОВ-РЕВОЛЮЦИОНЕРОВ, АДВОКАТ, МИНИСТР-ПРЕДСЕДАТЕЛЬ И ВЕРХОВНЫЙ ГЛАВНОКОМАНДУЮЩИЙ ВООРУЖЕННЫМИ СИЛАМИ ВРЕМЕННОГО ПРАВИТЕЛЬСТВА (С 24 МАЯ 1917 г.). 1881-1970 |
| | $1 | 251 |
| | $c | Фонд |
| | $1 | 852 |
| | $j | 1807 |
| 462 | #0 | $1 | 001e78e90e7-3683-4111-a684-66109fe8dd3c |
| | $1 | 2001 |
| | $a | Керенский А. Ф. 1844-1918 гг. |
| | $v | Д. 182 |
| | $1 | 251 |
| | $c | Опись |
| | $1 | 852 |
| | $j | 1 |
| 801 | #0 | $a | RU |
| | $b | GA_RF |
| 801 | #1 | $a | RU |
| | $b | НПО Опыт |
| | $c | 20141125 |
| | $2 | rusmarc |
| 801 | #2 | $a | RU |
| | $b | ПБ им. Б.Н. Ельцина |
| | $c | 20150117 |
| | $g | RCR |
| | $2 | rusmarc |
| 852 | ## | $a | ГА РФ |
| | $j | 182 |
| 937 | ## | $d | 49452663 |
| | $h | ПБ |
| 035 | ## | $a | RuPRLIB52022082 |
| 850 | ## | $a | Государственный архив Российской Федерации |
| 605 | ## | $2 | acquisition_Prlib |
| | $3 | LIBNET\UAF\0000107516 |
| | $a | Запорожская область: страницы истории |
| | $l | коллекция |
| 605 | ## | $2 | acquisition_Prlib |
| | $3 | DITM\AF\0000002775 |
| | $a | Власть |
| | $l | коллекция |
| 605 | ## | $2 | acquisition_Prlib |
| | $3 | DITM\AF\0000004675 |
| | $a | Территория |
| | $l | коллекция |
| 606 | 1# | $2 | prlib_sh |
| | $3 | LIBNET\UAF\0000107619 |
| | $a | Политические партии |
| | $j | Архивные дела |
| | $y | Таврическая губерния |
| | $z | нач. 20 в. |
| 686 | ## | $2 | rubbk |
| | $a | 63.3(28-8Тав)53-3ю1 |
| | $v | LBC/M |